AH International Schools' Libraries

Peppa Pig: Peppa the Mermaid / (Record no. 48691)

MARC details
000 -LEADER
fixed length control field 00300nam a2200109 4500
020 ## - INTERNATIONAL STANDARD BOOK NUMBER
International Standard Book Number 9781474890984
245 ## - TITLE STATEMENT
Title Peppa Pig: Peppa the Mermaid /
Statement of responsibility, etc Created by Neville Astley.
260 ## - PUBLICATION, DISTRIBUTION, ETC. (IMPRINT)
Place of publication, distribution, etc UK. :
Name of publisher, distributor, etc Penguin Random House ;
Date of publication, distribution, etc 2019.
490 ## - SERIES STATEMENT
Series statement Peppa Pig
650 ## - SUBJECT ADDED ENTRY--TOPICAL TERM
9 (RLIN) 77028
Topical term or geographic name as entry element Sea animals
942 ## - ADDED ENTRY ELEMENTS (KOHA)
Source of classification or shelving scheme
Koha item type Book
Holdings
Withdrawn status Lost status Source of classification or shelving scheme Damaged status Not for loan Home library Current library Date acquired Total Checkouts Full call number Barcode Checked out Date last seen Date checked out Price effective from Koha item type
          Logos International School Logos International School 03/21/2025 3 E PEP 040552 07/13/2026 02/24/2026 02/24/2026 03/21/2025 Book

For any Logos Library related questions please contact Miss Art at swongnarasuk@asianhope.org.

For any Asian Hope Library related questions please contact Miss Raza at graza@asianhope.org.

Click here to explore our ebooks!

Powered by Koha